LDR 01308naa#a2200253#i#450# 001 RU\\bibl\116874 005 20260430032503.4 011 ## _a2076-0655 100 ## _a20251227b2025####ek#y0rusy0150####ca 101 0# _aRUS 102 ## _aRU 200 1# _aВЛИЯНИЕ ДВУВОДНОГО ГИПСА И ПЛАСТИФИЦИРУЮЩИХ ДОБАВОК НА СВОЙСТВА СУЛЬФОАЛЮМИНАТНЫХ ЦЕМЕНТОВ _eЖурнальная статья 210 1# _aМосква _cИндивидуальный Предприниматель Самченко Светлана Васильевна _d2025 215 ## _a9 с. 606 ## _aХимическая технология. 18.06.01 _2local 608 ## _aЖурнальная статья _2local 675 ## _aбыстротвердеющие. 666.942.31 _zRUS 686 ## _aСтроительные материалы и изделия. 383 _2bbk 686 ## _aПрочие издания. 546 _2tbk 686 ## _aТехнология производства силикатных и тугоплавких неметаллических материалов. 61.35 _2grnti 700 #1 _aНаинг Мьинт _gТхет 700 #1 _aПаинг Аунг _gХтет 700 #1 _aКривобородов _gЮрий Романович 856 4# _atsilicates.ru _u